Hauptstädte - Sudden Death - Statistiken

Allgemein
  • Dieses Quiz wurde 257 mal gespielt
  • Das Durchschnittsergebnis liegt bei 7 aus 15
Answers on the Grid
Answers color-coded by a green-red scale on the quiz's grid according to % correct below.
Pretoria
Tegucigalpa
Sucre
Auckland
Palikir
Yaren
Lahore
Melbourne
Hanoi
Yangon
Chisinau
Mekka
Dubai
Port of Spain
Port of Italy
Port of France
Johannesburg
Managua
Luanda
Daressalam
Casablanca
Belize City
Sao Paulo
Guatemala City
Quito
Mbabane
Maseru
Türkmenabat
Naypidaw
Medellin
 
Antwortstatistiken
Antwort % Korrekt
Pretoria
67%
Chisinau
66%
Hanoi
64%
Sucre
61%
Quito
51%
Port of Spain
46%
Tegucigalpa
46%
Guatemala City
43%
Luanda
36%
Managua
36%
Yaren
33%
Naypidaw
30%
Palikir
30%
Maseru
27%
Mbabane
27%
Keine übereinstimmenden Quizze gefunden
Verteilung der Resultate
Anzahl Personen mit jedem Resultat
Perzentil nach korrekt beantworteten Fragen
Ihre Resultats-Entwicklung
Sie haben dieses Quiz noch nicht gespielt